000 00483nam a2200181Ia 4500
001 20573
005 20260306172816.0
008 260306t2007||||xx |||||||||||||| ||spa||
041 _aESP
082 _a343.4
_bM44
100 _aMesía Ramírez, Carlos
_eAUT
245 0 _aEl proceso de hábeas corpus:
_bdesde la jurisprudencia del Tribunal Constitucional
260 _c2007
300 _a237 páginas :
_c23 cm.
650 _aGEN
654 _aCDE
942 _cLIB
_dJUS
_fJUS
_2ddc
_n
999 _c20573
_d20573